000 00565nam a2200157Ia 4500
008 210716s2018 xx 000 0 und d
020 _a9781138494268
041 _aeng
082 _a658.406 BARR
100 _aBarrett, Richard.
245 _aValues driven organization: cultural health and employee well being as a Pathway to sustainable performance.
_bCultural health and employee well being as a Pathway to sustainable performance.
250 _a1
260 _aLondon
_bRoutledge
_c2018
300 _axxxv,267
650 _aOrganizational Development & Change
999 _c211088
_d211088